Europe’s two trillion euro dividend Mapping the cost of non-Europe, 2019-24

Detalles Bibliográficos
Formato: eBook
Lenguaje:inglés
Publicado: Bruselas: European Union Publications Office, 2020
Materias:
Acceso en línea:Acceso restringido

MARC

LEADER 00000nam a22000007a 4500
005 20220201202311.0
007 cr|||| ||||
008 220201s2020 eu |||||s||||i00||0 eng d
020 |a 978-92-846-4681-4 
035 |a 34681 
040 |a vLex 
090 |c 12893  |d 12893 
245 0 0 |a Europe’s two trillion euro dividend  |h [Recurso electrn̤ico] :  |b Mapping the cost of non-Europe, 2019-24 
256 |a Servicio en ln̕ea 
260 |a Bruselas:  |b European Union Publications Office,  |c 2020 
300 |a 1 recurso electrn̤ico 
500 |a This study brings together work in progress on a long-term project to identify and analyse the 'cost of non-Europe' in a number of policy fields. This concept, first pioneered by the European Parliament in the 1980s, is used here to quantify the potential efficiency gains in today's European economy through pursuing a series of policy initiatives recently advocated by the Parliament – from a wider and deeper digital single market to more systematic coordination of national and European defence policies or increased cooperation to fight corporate tax avoidance. The benefits are measured principally in additional GDP generated or more rational use of public resources. The latest analysis suggests that there are potential gains to the European economy (EU-28) of over 2,200 billion euro that could be achieved, if the policies advocated by the Parliament in a series of specific areas were to be adopted by the Union’s institutions and then fully implemented over the ten-year period from 2019 to 2029. This would be, in effect, a ‘two trillion euro dividend’, representing a boost of some 14 per cent of total EU GDP (itself 15.3 trillion euro in 2017). The study is intended to make a contribution to the on-going discussion about the European Union's policy priorities over the coming five-year institutional cycle, from 2019 to 2024. 
506 1 |a Disponible solo en los productos indicados  |d vLex Global  |d vLex Global (Academic Edition, excluding Law Schools)  |d vLex Global (U.S. Academic Edition, Law Schools)  |d vLex Global (U.S. Academic Edition, excluding Law Schools)  |d vLex Global (Academic Edition, Law Schools) 
650 0 4 |a Derecho Comunitario  |z Unin̤ Europea 
740 0 |a vLex Libros (Servicio en ln̕ea) 
856 4 0 |u https://app.vlex.com/#/sources/34681  |z Acceso restringido 
942 |c BOOK 
999 0 |a Community Law